000 00346cam a2200121ua 4500
082 _a335
_bFYO/LO
100 _aFyodorov, L .
_91789
245 _aLokathil Socialisathinu Vendiyulla Samaram /
260 _aTrivandrum :
_bPrabhatham Printing and Publishing Co. Pvt. Ltd. ,
_c1966.
300 _a156 ; .
700 1 _aMinayev, L .
_91790
942 _cBK
999 _c878
_d878